000 00998nam a22002897a 4500
005 20100602122412.0
008 100602t xxu||||| |||| 00| 0 eng d
010 _aENG-96269
020 _a9780070683570
_c375.00
020 _a0070683573
_c375.00
035 _aEN-79802
037 _bDBAD/PUB
040 _aDPL
_bEng
082 _a006.7
100 _aHorn, Shannon
_921837
245 _aMicrosoft silverlight 3:
_cby Shannon Horn
_ba beginner's guide /
260 _aNew Delhi
_bTata McGraw Hill
_c2010
270 _a7, West Patel nagar
_bNew Delhi
_e110008
300 _axix, 265p.:
_bill.
_c24 cm. (Pbk)
500 _aincludes index
650 _aApplication software development
_921838
650 _aMultimedia system
_921839
650 _aWeb site development
_921840
700 _aEberhardt, Scott
_921841
942 _2ddc
_cEN
_mHOR
_h006.7
999 _c36491
_d36491